| 000 | 00637nam a2200253Ia 4500 | ||
|---|---|---|---|
| 008 | 160803s9999 xx 000 0 und d | ||
| 020 | _a9780439161671 | ||
| 100 | _aHerman, Gail | ||
| 245 | _aMap in the mystery machine / | ||
| 245 | _cby Gail Herman ; illustrated by Duendes del Sur. | ||
| 260 | _aNew York : | ||
| 260 | _bScholastic Inc. | ||
| 260 | _c2000 | ||
| 300 | _a32 pages : | ||
| 300 | _bcolor illustrations ; | ||
| 300 | _c23 cm. | ||
| 440 | _aScooby-Doo readers, | ||
| 440 | _v#1. | ||
| 650 | _aBuried treasure -- | ||
| 650 | _aDogs -- | ||
| 650 | _xFiction. | ||
| 650 | _xFiction. | ||
| 700 | _a150 | ||
| 999 |
_c299240 _d299240 |
||